South Africa : a potential market for agri-food products from Africa.
| Format: | Book |
|---|---|
| Published: |
Geneva:
International Trade Centre,
2010.
|
| Subjects: |
| LEADER | 00481cam a2200145 7i4500 | ||
|---|---|---|---|
| 001 | 0000026504 | ||
| 005 | 20110711090000.0 | ||
| 090 | 0 | 0 | |a S.AF 641.3 |b SOU |
| 245 | 0 | 0 | |a South Africa : |b a potential market for agri-food products from Africa. |
| 260 | 0 | 0 | |a Geneva: |b International Trade Centre, |c 2010. |
| 300 | # | # | |a 64p. |
| 650 | 0 | 0 | |a Food -- |z South Africa |
| 650 | 0 | 0 | |a Agriculture products -- |z South Africa |
| 651 | 0 | 0 | |a South Africa |
| 999 | |a 0000028702 |b Book |c Countries |e Business Information Centre | ||